00279nam a22000857a 4500008004100000010001500041245006900056260002300125500004500148150618b xxu||||| |||| 00| 0 eng d 8HCCRSF:005 aHIGH COURT CRIMINAL SESSION NO.292 OF 1969 Uganda Vs Luka Musoke aHigh Court Kampala 3BEFORE: Hon. Mr. Ag. Justice Y.V. Phadke